000 00590nam a2200229Ia 4500
003 OSt
005 20220924150137.0
006 a|||||r|||| 00| 0
007 ta
008 220923b |||||||| |||| 00| 0 per d
024 _a331906
037 _cTextual
040 _aARTS
_cARTS
_bper
041 _2per
_aper
082 _aV45.N1, 164M2
100 _aAfshar Iraj Au.
_91156
245 0 _aKhatrat-o-asnad Mustsharuddaula Sadiq
260 _c1982
650 _aIRAN - HISTORY
942 _hV45.N1, 164M2
_cTEXL
_2CC
999 _c462295
_d462295